| 000 | 00419nam a22001697a 4500 | ||
|---|---|---|---|
| 005 | 20160613152534.0 | ||
| 008 | 160613b xxu||||| |||| 00| 0 eng d | ||
| 020 | _a978-1-55850-614-5 | ||
| 041 | _aeng | ||
| 082 | _b7279 | ||
| 100 |
_aMuckian, Michael & Woods John _91806 |
||
| 245 | _aThe Business letter hand book | ||
| 260 | _bAdars Media Corporation | ||
| 300 | _a255 | ||
| 650 |
_aManagement _9241 |
||
| 942 | _cBK | ||
| 999 |
_c2541 _d2540 |
||